00322 a2200097 4500020001500000082001000015100002300025245012700048260003500175300001400210 a8171920632 a536.7 aAwode, Mahendra R. aNonequilibrium ThermodynamicsbIrreversible Thermodynamics of Physico-Chemical and Biological ProcessescMahendra R. Awode aNagpur, IndiabDattsonsc2005. aviii, 141